Höfische Repräsentation in Ungarn während der Herrschaft von Sigismund und Matthias Corvinus
| Titel: | Höfische Repräsentation in Ungarn während der Herrschaft von Sigismund und Matthias Corvinus |
|---|---|
| Verfasser: | |
| In: |
Das Zeitalter König Sigmunds in Ungarn und im Deutschen Reich, (2000), Seite 191-208 alle Artikel anzeigen |
| Veröffentlicht: | 2000 |
| Format: | Aufsatz |
| Sprache: | Deutsch |
X
alg: 39252140 001A $01999:11-11-16 001B $01999:06-04-21 $t20:50:33.000 001D $01999:11-11-16 001U $0utf8 001X $00 002@ $0Aox 003@ $0392521407 007A $0392521407 $aHEB 007T $0Herdc0063153m 010@ $ager 011@ $a2000 021A $aHöfische Repräsentation in Ungarn während der Herrschaft von Sigismund und Matthias Corvinus 028A $aBitskey $dIstván 031A $h191-208 $j2000 039B $aIn $8--Aau--. Das @Zeitalter König Sigmunds in Ungarn und im Deutschen Reich. - Debrecen : Debrecen Univ. Press, 2000. - 218 S.. - ISBN 963-472-451-5 $x200000000000000809 $9100729169 045F $a900.94390902 $eDDC23BSB 045F/01 $a900 045F/03 $f0902 045F/03 $g439 lok: 39252140 78 exp: 39252140 78 1 #EPN 201B/01 $019-10-20 $t23:00:24.000 201U/01 $0utf8 203@/01 $0788619284 208@/01 $a11-11-16 $be 209A/01 $a/ $f000 $x00 220C/01 $aTitelaufnehmer: nk;tn 220C/01 $aHerkunft: HI Marburg 244Z/01 $2Trx $#Ungari $#Vengrija $#Ungārija $#Ungarn $#Hungary $#Węgry $#Maďarsko $#Maďarsko $#Uhorsko $#Uhersko;Uhry $8--Trx--Magyarország $x01 $9391197150 244Z/01 $aGeschichte 1377-1577 $x02 244Z/01 $#Sigmund$#Siegmund $#Sigismundus $#Sigismundus $#Sigismundus $#Sigismundus Imperator Romae $#Sigmund $#Sigismund $#Sigismund $#Sigismund $#Sigismond $#Zygmunt Luksemburski $#Zikmund Lucemburský $#Zsigmond $#Sigismund $#Siegmund $#Žigmund Luxemburský $#Sigismundus $#Luxemburg, Sigismund von $#Luxemburg, Siegmund von $#Luxemburg, Zikmund von $#Luxemburg, Zsigmond von $#Luksemburški, Žigmund $#Sigismund $#Sigmund $#Sigmund $#Sigismund $#Siegmund $#Sigismundus $7118614185 $8--Tp1--$PSigismund$lHeiliges Römisches Reich, Kaiser$Z1368-1437 $x03 $9086955136 244Z/01 $#Matthias I. $#Matthias I. $#Mátyás I. $#Matthias $#Mátyás I. $#Hunyadi, Mátyás $#Hunyadi, Matthias $#Matvij I. $#Matthias I. $#Matthias I. $#Matthias $#Mátyás $#Corvinus, Matthias $#Corvinus, Mathias $#Mathias $#Corvin, Matthias $#Matthias $#Hunyad, Matthias von $#Matthias $#Matthias $#Matthias Corvinus I. $#Matthias Corvinus I. $#Mathias Corvinus $#Matthias I. König von Ungarn $#Matthias Corvinus $#Matthias König von Ungarn $#Mattia Corvino $#Corvino, Mattia $#Mátyás König von Ungarn $#Matthias Corvinus König von Ungarn $#Mátyás I. Király Magyarorszag $#Matthias I. $7118579029 $8--Tp1--$PMatthias$nI.$lUngarn, König$Z1443-1490 $x04 $9086920030 244Z/01 $2Trx $8--Trx--Vergerio, Pietro Paolo$Z1498-1565 $x05 $939076924X 244Z/01 $2Trx $#õukonnad vürstid $#kunigaikščių rūmai $#courts Dukes $#udvarok fejedelmek $#dwory książęce $#dvory kniežacie $#dvory knížecí $8--Trx--Höfe$gFürsten $x06 $9391383485 244Z/01 $2Trx $#kuningad, Ungari $#Vengrijos karaliai $#kings, Hungarian $#királyok, magyar $#królowie węgierscy $#králi uhorskí $#králové uherští $8--Trx--Könige, ungarische $x07 $9391376438 244Z/01 $2Trx $#humanism $#humanizmas $#Humanism $#humanizmus $#humanizm $#humanizmus $#humanismus $8--Trx--Humanismus $x08 $9391354582 244Z/01 $2Trx $#Konstanzi kirikukogu 1414-1418 $#bažnytiniai susirinkimai $#Council of Constance 1414-1418 $#Konstanzi Zsinat 1414-1418 $#Sobór w Konstancji 1414-1418 $#Koncil kostnický 1414-1418 $#Koncil kostnický 1414-1418 $8--Trx--Konzil von Konstanz$g1414-1418 $x09 $9391360450 244Z/01 $2Trx $8--Trx--Einzelbeiträge $x10 $9391384570 245Z/01 $a06.02 $x01 247C/01 $82080>Marburg/Lahn, Herder-Institut, Forschungsbibliothek, Bibliographieportal $9336309341
| LEADER | 00000caa a22000002c 4500 | ||
|---|---|---|---|
| 001 | 392521407 | ||
| 003 | DE-603 | ||
| 005 | 20210406205033.0 | ||
| 007 | tu | ||
| 008 | 161111s2000 xx |||| | u00||u|ger c | ||
| 035 | |a (DE-599)HEB392521407 | ||
| 040 | |a DE-603 |b ger |c DE-603 |d DE-603 | ||
| 041 | |a ger | ||
| 082 | 0 | 4 | |8 1\u |a 900.94390902 |q DE-101 |2 23/BSB |
| 085 | |8 1\u |b 900 | ||
| 085 | |8 1\u |z 1 |s 0902 | ||
| 085 | |8 1\u |z 2 |s 439 | ||
| 100 | 1 | |a Bitskey, István | |
| 245 | 0 | 0 | |a Höfische Repräsentation in Ungarn während der Herrschaft von Sigismund und Matthias Corvinus |
| 264 | 0 | |c 2000 | |
| 773 | 0 | 8 | |i In |t Das Zeitalter König Sigmunds in Ungarn und im Deutschen Reich |d Debrecen : Debrecen Univ. Press, 2000 |h 218 S. |z 9634724515 |g (2000), Seite 191-208 |w (DE-603)100729169 |
| 924 | 0 | |9 2080 |a (DE-603)788619284 |b DE-2080 |c HES |d d |g / | |


